Loading...
| Beliefs | 6 | 16.67 | 100% | 50% | 17% |
| Fine Arts - Classical Music and Opera | 8 | 8.75 | 75% | 13% | 0% |
| Fine Arts - Other Arts | 3 | 23.33 | 100% | 100% | 33% |
| Geography | 3 | 13.33 | 100% | 33% | 0% |
| History - American | 7 | 17.14 | 100% | 43% | 29% |
| History - Ancient | 5 | 14.00 | 100% | 40% | 0% |
| History - European | 3 | 10.00 | 100% | 0% | 0% |
| History - Other | 2 | 5.00 | 50% | 0% | 0% |
| History - World | 6 | 8.33 | 67% | 17% | 0% |
| Literature - American | 7 | 8.57 | 71% | 14% | 0% |
| Literature - British | 9 | 11.11 | 78% | 33% | 0% |
| Literature - European | 5 | 14.00 | 100% | 40% | 0% |
| Literature - World | 9 | 14.44 | 89% | 44% | 11% |
| Modern World | 3 | 23.33 | 100% | 67% | 67% |
| Philosophy | 8 | 12.50 | 88% | 38% | 0% |
| Science - Biology | 6 | 11.67 | 67% | 50% | 0% |
| Science - Chemistry | 7 | 11.43 | 57% | 43% | 14% |
| Science - Other | 7 | 14.29 | 86% | 57% | 0% |
| Science - Physics | 2 | 15.00 | 100% | 50% | 0% |
| Social Science | 14 | 12.14 | 86% | 36% | 0% |
| Visual Arts | 4 | 17.50 | 100% | 75% | 0% |